Cincuenta años de la antigua Biblioteca de Cataluña
Descripción Física:
226 p. : il., negre i col. ; 32 cm
MARC
| LEADER | 00000nam a2200000Ia 4500 | ||
|---|---|---|---|
| 001 | 1842 | ||
| 008 | 160829s1968 xx 000 0 cat d | ||
| 080 | |a R-12-85 | ||
| 110 | 1 | |a Biblioteca de Catalunya |9 52741 | |
| 245 | |a Cincuenta años de la antigua Biblioteca de Cataluña | ||
| 260 | |a Barcelona : |b Biblioteca Central de la Diputación de Barcelona, |c 1968 | ||
| 300 | |a 226 p. : |b il., negre i col. ; |c 32 cm | ||
| 590 | |a Relligat amb pell granate i orles daurades. | ||
| 650 | |a Biblioteca de Catalunya |x Història |x 1918/1968 |9 34619 | ||
| 901 | |a Arxiu | ||
| 942 | |n 1 |2 udc | ||
| 952 | |0 0 |1 0 |4 0 |6 R1285 |7 1 |9 46586 |a Arxiu |b Arxiu |d 2016-12-01 |l 0 |o R-12-85 |p 1842 |r 2016-12-01 00:00:00 |w 2016-12-01 |y ARXIU | ||
| 999 | |c 50379 |d 50379 | ||
| 900 | |a bib_1842_baixa.pdf | ||